| 000 | 00344nam a2200133Ia 4500 | ||
|---|---|---|---|
| 008 | 210716s2010 xx 000 0 und d | ||
| 041 | _aeng | ||
| 082 | _a005.133 PAIM | ||
| 100 | _aPai, M Vishwanath. | ||
| 245 |
_aC Programming: made easy. _bMade easy. |
||
| 260 |
_aUdupi _bBharat Prakashan _c2010 |
||
| 300 | _a180 | ||
| 650 | _aC Programming | ||
| 999 |
_c181933 _d181933 |
||